000
00327nam a2200133Ia 4500
008
191201s2000 xx 000 0 und d
082
_a
677
_b
GHS
100
_a
GHOSH, G K
245
0
_a
Non-conventional Textiles in India
260
_a
N.Delhi
_b
A P H Publisher
_c
2000
300
_a
170
650
_a
B.Tech(TE)
942
_2
ddc
_c
BK
999
_c
2347
_d
2347